Sustanaible development environmental management impact to the company management

Bibliographic Details
Main Authors: Betáková, Janka (Author), Rabčanová, Alena (Author)
Format: Software eBook
Language:English
Published: Trenčín University of Alexander Dubček 2005
Edition:[1. vyd.]
Subjects:

MARC

LEADER 00000nam a2200000 a 4500
001 vtls008627677
003 SK-MaSNL
005 20260301021557.0
007 co bgu auuua
008 240314s2005 xo l fsp 000 0 eng
015 |a SNBS2006/01-00344 
020 |a 8080750874  |q (CD-ROM) 
040 |a SNK  |b slo  |c SNK  |e AACR2 
041 0 |a eng 
044 |a xo  |c SK 
072 7 |a 502  |x Životné prostredie a jeho ochrana 2 konspekt  |2 konspekt 
080 |a 502.13  |2 2001 
080 |a (048.8)  |2 2001 
080 |a (0.034.44)  |2 2001 
080 |a 502.131  |2 2001 
100 1 |a Betáková, Janka  |4 aut  |9 310780 
245 1 0 |a Sustanaible development  |h elektronický zdroj  |b environmental management impact to the company management  |c Janka Betáková, Alena Rabčanová 
250 |a [1. vyd.] 
256 |a Elektronické dokumenty (1 súbor v editore Word) 
260 |a Trenčín  |b University of Alexander Dubček  |c 2005 
300 |a 1 elektronický optický disk (CD-ROM)  |c 12 cm 
500 |a Názov z obalu 
504 |a Obsahuje bibliografické odkazy. Zoz. skratiek 
516 |a Textové informácie 
530 |a Vydané aj v tlačenej forme 
650 0 7 |a environmentálny manažment  |2 SNKPH  |9 3638 
650 0 7 |a trvalo udržateľný rozvoj  |2 SNKPH  |9 3353 
655 7 |a štúdie  |2 SNKPH  |9 57033 
655 7 |a elektronické textové údaje  |2 SNKPH  |9 70697 
655 7 |a CD-ROM  |2 SNKPH  |9 70236 
655 7 |a elektronické dokumenty  |2 SNKPH  |9 70518 
700 1 |a Rabčanová, Alena  |4 aut  |9 310781 
776 1 |t Sustanaible development  |w vtls008304172 
919 |a 80-8075-087-4 
999 |c 565613  |d 567543 
952 |a SNK  |b SNK  |y PREZ  |7 0  |p 17A0485547  |o snkSCDM 819  |i snk2006/4633  |8 0  |0 0  |1 0  |4 0  |d 2006-03-03  |l 0  |r 2026-02-23 13:56:40  |w 2026-02-23 
952 |t snkSUS 502  |a SNKMST  |b SNKMST  |y PREZ  |7 0  |p 17A0485548  |o snkSCDM 819 D1  |i snk2006/4634  |8 0  |0 0  |1 0  |4 0  |d 2006-03-03  |l 0  |r 2025-08-11 00:00:00  |w 2026-02-23